000 00755nam a22002297a 4500
999 _c12610
_d12610
003 AR-CdUCM
008 190409b ||||| |||| 00| 0 spa d
020 _a84-205-0440-8
040 _aMUNICIPALIDAD PROVINCIAL DEL CUSCO
_cBIBLIOTECA MUNICIPAL DEL CUSCO
082 _aES / 428 /
_bB84
100 _aBroughton, Geoffrey
_930533
245 _aPeter and molly :
_bNueva edición revisada /
260 _aMadrid :
_bAlhambra,
_c1981.
300 _a133 paginas ;
_bIlustraciones, Graficos, Dibujos,
_c24 cm.
500 _aTexto educativo
650 _aTexto educativo
_925832
650 _aCuaderno de trabajo
_911620
700 _aAlvarez Lovell, Mercedes
_930534
700 _aBlake, Quentin
_930535
942 _2ddc
_cLIBROS
945 _apjha
_d2019-04-09